00940nam a22002537a 450000500170000000800410001702000180005804000090007604100080008508200220009310000150011524500230013025000120015326000390016530000310020436500810023552002030031665000230051965000320054265000250057465000340059965000340063365000190066720260227093757.0220302b ||||| |||| 00| 0 eng d a9789327298769 cAloy aeng 223a658.001bCHOB aP N Chopra aBusiness Economics a8th ed, aLudhianabKalyani Publishersc2019 aviii,720 p.bPBc24x17 cm. 2EconomicsaMLASH21CRB333b260.00c₹d325.00e20%fMLSH21CRB333g20-02-2022 aThe book Principles of Economics has been designed for undergraduate and Post graduate students of various Indian & Foreign universities. The book has been divided into 8 units covering 31 Chapters. aBusiness Economics aDemand and its Elasticities aProduction and Costs aForecasting Demand and Profit aMarket Structures and Pricing aFactor Pricing